[Event "Russian Championship (Rapid, Men)"]
[Site "Sochi"]
[Date "2018.10.06"]
[Round "9.22"]
[White "Yashmetov, Mikhail"]
[Black "Yuffa, Daniil"]
[Result "1/2-1/2"]
[BlackElo "2625"]
[WhiteElo "2370"]
[LiveChessVersion "1.4.8"]

1. Nf3 {[%clk 0:15:17]} Nf6 {[%clk 0:15:19]} 2. g3 {[%clk 0:15:26]} g6
{[%clk 0:15:25]} 3. Bg2 {[%clk 0:15:34]} Bg7 {[%clk 0:15:33]} 4. O-O
{[%clk 0:15:42]} O-O {[%clk 0:15:38]} 5. d4 {[%clk 0:15:50]} d6 {[%clk 0:15:46]}
6. b3 {[%clk 0:15:59]} e5 {[%clk 0:15:52]} 7. dxe5 {[%clk 0:16:05]} dxe5
{[%clk 0:15:50]} 8. Bb2 {[%clk 0:16:07]} e4 {[%clk 0:15:45]} 9. Qxd8
{[%clk 0:15:56]} Rxd8 {[%clk 0:15:52]} 10. Nfd2 {[%clk 0:16:03]} Bf5
{[%clk 0:14:34]} 11. Nc4 {[%clk 0:15:53]} Nc6 {[%clk 0:14:16]} 12. Ne3
{[%clk 0:15:38]} Nd5 {[%clk 0:12:37]} 13. Bxg7 {[%clk 0:14:41]} Nxe3
{[%clk 0:12:41]} 14. fxe3 {[%clk 0:14:50]} Kxg7 {[%clk 0:12:49]} 15. Nc3
{[%clk 0:14:53]} Rd2 {[%clk 0:12:32]} 16. Nxe4 {[%clk 0:14:21]} Rxc2
{[%clk 0:10:34]} 17. Rac1 {[%clk 0:13:21]} Rxe2 {[%clk 0:10:21]} 18. Nc5
{[%clk 0:13:26]} Ne5 {[%clk 0:09:16]} 19. Nxb7 {[%clk 0:09:16]} Rxg2+
{[%clk 0:08:42]} 20. Kxg2 {[%clk 0:09:25]} Be4+ {[%clk 0:08:51]} 21. Kg1
{[%clk 0:09:32]} Bxb7 {[%clk 0:08:56]} 22. Rxc7 {[%clk 0:09:40]} Rb8
{[%clk 0:07:27]} 23. Rf4 {[%clk 0:08:32]} Bc6 {[%clk 0:06:04]} 24. Re7
{[%clk 0:07:16]} Rb5 {[%clk 0:06:05]} 25. Kf1 {[%clk 0:05:05]} a5
{[%clk 0:05:49]} 26. Ke2 {[%clk 0:04:25]} Rc5 {[%clk 0:05:37]} 27. Kd2
{[%clk 0:04:19]} g5 {[%clk 0:05:25]} 28. Rf2 {[%clk 0:03:53]} Kg6
{[%clk 0:05:03]} 29. h3 {[%clk 0:03:49]} Be4 {[%clk 0:04:27]} 30. Kd1
{[%clk 0:03:05]} f5 {[%clk 0:04:26]} 31. Rd2 {[%clk 0:02:52]} Nd3
{[%clk 0:03:24]} 32. Ke2 {[%clk 0:02:38]} Rd5 {[%clk 0:02:58]} 33. Kf1
{[%clk 0:02:30]} h5 {[%clk 0:01:53]} 34. Re6+ {[%clk 0:02:22]} Kg7
{[%clk 0:01:38]} 35. Rb6 {[%clk 0:02:26]} h4 {[%clk 0:01:20]} 36. gxh4
{[%clk 0:02:33]} gxh4 {[%clk 0:01:03]} 37. Ke2 {[%clk 0:02:26]} Nc1+
{[%clk 0:00:49]} 38. Ke1 {[%clk 0:02:29]} Nd3+ {[%clk 0:00:40]} 39. Ke2
{[%clk 0:02:38]} f4 {[%clk 0:00:37]} 40. exf4 Nxf4+ {[%clk 0:00:46]} 41. Ke1
{[%clk 0:01:35]} Nxh3 {[%clk 0:00:14]} 42. Rxd5 {[%clk 0:01:33]} Bxd5
{[%clk 0:00:22]} 43. Rb5 {[%clk 0:01:42]} Nf4 {[%clk 0:00:21]} 44. Kf2
{[%clk 0:01:46]} Kf6 {[%clk 0:00:14]} 45. Rxa5 {[%clk 0:01:54]} Kf5
{[%clk 0:00:14]} 46. Ra7 {[%clk 0:01:49]} Nd3+ {[%clk 0:00:16]} 47. Ke3
{[%clk 0:01:49]} Ne5 {[%clk 0:00:15]} 48. Rh7 Ke6 {[%clk 0:00:11]} 49. Rxh4
{[%clk 0:01:55]} Kd6 {[%clk 0:00:18]} 50. Rh5 {[%clk 0:01:54]} Nc6
{[%clk 0:00:26]} 51. Rh4 {[%clk 0:01:23]} Kc5 {[%clk 0:00:33]} 52. Kd2
{[%clk 0:01:32]} Na7 {[%clk 0:00:14]} 53. Kc3 {[%clk 0:01:34]} Nb5+
{[%clk 0:00:16]} 54. Kb2 {[%clk 0:01:43]} Nd4 {[%clk 0:00:20]} 55. Rh8
{[%clk 0:01:40]} Be6 {[%clk 0:00:24]} 56. Rh5+ {[%clk 0:01:44]} Bd5
{[%clk 0:00:31]} 57. Rh4 {[%clk 0:01:27]} Be6 {[%clk 0:00:34]} 58. b4+
{[%clk 0:01:20]} Kc4 {[%clk 0:00:36]} 59. a4 {[%clk 0:01:21]} Bd7
{[%clk 0:00:31]} 60. b5 {[%clk 0:01:08]} Kc5 {[%clk 0:00:39]} 61. Rh5+
{[%clk 0:01:17]} Kb4 {[%clk 0:00:16]} 62. Rd5 {[%clk 0:01:21]} Nxb5
{[%clk 0:00:16]} 63. Rxd7 {[%clk 0:01:30]} Kxa4 {[%clk 0:00:24]} 64. Rh7
{[%clk 0:01:36]} Kb4 {[%clk 0:00:32]} 65. Rh4+ {[%clk 0:01:41]} Kc5
{[%clk 0:00:40]} 66. Kb3 {[%clk 0:01:50]} Nd4+ {[%clk 0:00:36]} 67. Kc3
{[%clk 0:01:58]} Nc6 {[%clk 0:00:37]} 68. Rh5+ {[%clk 0:02:05]} Kd6
{[%clk 0:00:45]} 69. Kc4 {[%clk 0:02:13]} Ne5+ {[%clk 0:00:33]} 70. Kd4
{[%clk 0:02:22]} Nc6+ {[%clk 0:00:42]} 71. Ke4 {[%clk 0:02:27]} Nb4
{[%clk 0:00:45]} 72. Rh6+ {[%clk 0:02:17]} Kc5 {[%clk 0:00:54]} 73. Rh1
{[%clk 0:02:23]} Nc6 {[%clk 0:01:00]} 74. Rd1 {[%clk 0:02:27]} Nb4
{[%clk 0:01:02]} 75. Rb1 {[%clk 0:02:23]} Nc6 {[%clk 0:01:08]} 76. Rc1+
{[%clk 0:02:32]} Kd6 {[%clk 0:01:17]} 77. Rxc6+ {[%clk 0:02:41]} Kxc6
{[%clk 0:01:25]} 1/2-1/2

[Event "Russian Championship (Rapid, Men)"]
[Site "Sochi"]
[Date "2018.10.06"]
[Round "9.29"]
[White "Kretov, Evgenij"]
[Black "Krylov, Mikhail"]
[Result "0-1"]
[BlackElo "2481"]
[WhiteElo "2285"]
[LiveChessVersion "1.4.8"]

1. d4 {[%clk 0:15:19]} Nf6 {[%clk 0:15:19]} 2. c4 {[%clk 0:15:28]} g6
{[%clk 0:15:19]} 3. Nc3 {[%clk 0:15:36]} Bg7 {[%clk 0:15:28]} 4. e4
{[%clk 0:15:45]} d6 {[%clk 0:15:37]} 5. Be2 {[%clk 0:15:54]} O-O {[%clk 0:15:44]}
6. Bg5 {[%clk 0:16:03]} c5 {[%clk 0:15:46]} 7. d5 {[%clk 0:16:11]} b5
{[%clk 0:15:50]} 8. cxb5 {[%clk 0:16:17]} a6 {[%clk 0:15:49]} 9. a4
{[%clk 0:16:25]} Qa5 {[%clk 0:15:40]} 10. Bd2 {[%clk 0:16:31]} axb5
{[%clk 0:15:32]} 11. Bxb5 {[%clk 0:16:06]} Ba6 {[%clk 0:13:47]} 12. Ra3
{[%clk 0:16:02]} Nbd7 {[%clk 0:12:13]} 13. Nf3 {[%clk 0:14:56]} Bxb5
{[%clk 0:09:53]} 14. Nxb5 {[%clk 0:14:26]} Qb6 {[%clk 0:09:57]} 15. Qc2
{[%clk 0:13:43]} Rfb8 {[%clk 0:09:45]} 16. O-O {[%clk 0:13:26]} Ne8
{[%clk 0:09:41]} 17. Bc3 {[%clk 0:12:53]} Nc7 {[%clk 0:09:27]} 18. Nxc7
{[%clk 0:12:41]} Qxc7 {[%clk 0:09:35]} 19. Bxg7 {[%clk 0:12:44]} Kxg7
{[%clk 0:09:43]} 20. Re3 {[%clk 0:12:41]} Rb4 {[%clk 0:09:22]} 21. b3
{[%clk 0:12:39]} Rab8 {[%clk 0:08:20]} 22. Rc1 {[%clk 0:12:23]} f6
{[%clk 0:07:20]} 23. Nd2 {[%clk 0:11:51]} Qa7 {[%clk 0:06:59]} 24. h3
{[%clk 0:11:09]} Ne5 {[%clk 0:06:47]} 25. Rc3 {[%clk 0:10:10]} R8b7
{[%clk 0:05:09]} 26. Kh2 {[%clk 0:09:06]} c4 {[%clk 0:02:32]} 27. Nxc4
{[%clk 0:09:00]} Nxc4 {[%clk 0:02:40]} 28. Rxc4 {[%clk 0:08:51]} Rxb3
{[%clk 0:02:48]} 29. Rc7 {[%clk 0:08:31]} Rxc7 {[%clk 0:02:46]} 30. Qxc7
{[%clk 0:08:40]} Rb7 {[%clk 0:02:55]} 31. Qc2 {[%clk 0:07:06]} Rb4
{[%clk 0:02:58]} 32. Qc7 {[%clk 0:02:47]} Qxc7 {[%clk 0:01:34]} 33. Rxc7
{[%clk 0:02:56]} Kf7 {[%clk 0:01:35]} 34. a5 {[%clk 0:02:42]} Ra4
{[%clk 0:01:43]} 35. Kg3 {[%clk 0:02:22]} Rxa5 {[%clk 0:01:35]} 36. h4
{[%clk 0:00:57]} f5 {[%clk 0:01:24]} 37. f3 {[%clk 0:00:55]} Kf6 {[%clk 0:01:24]}
38. Kf4 {[%clk 0:00:53]} h6 {[%clk 0:01:13]} 39. Rb7 {[%clk 0:00:16]} g5+
{[%clk 0:01:12]} 40. hxg5+ hxg5+ {[%clk 0:01:20]} 41. Ke3 {[%clk 0:00:30]} Ra3+
{[%clk 0:01:19]} 42. Kf2 {[%clk 0:00:27]} fxe4 {[%clk 0:01:15]} 43. fxe4
{[%clk 0:00:36]} g4 {[%clk 0:01:17]} 44. Rc7 {[%clk 0:00:28]} Ra2+
{[%clk 0:01:00]} 45. Kg3 {[%clk 0:00:34]} Re2 {[%clk 0:01:08]} 46. Rc4
{[%clk 0:00:20]} Kg5 {[%clk 0:00:34]} 47. Ra4 {[%clk 0:00:25]} Rc2
{[%clk 0:00:29]} 48. Ra7 {[%clk 0:00:21]} Rc3+ {[%clk 0:00:37]} 49. Kf2
{[%clk 0:00:31]} Kf6 {[%clk 0:00:38]} 50. Rb7 {[%clk 0:00:36]} Ra3
{[%clk 0:00:43]} 51. Rc7 {[%clk 0:00:44]} Ra2+ {[%clk 0:00:33]} 52. Kg3
{[%clk 0:00:53]} Re2 {[%clk 0:00:42]} 53. Rc4 {[%clk 0:00:59]} Ke5
{[%clk 0:00:24]} 54. Kxg4 {[%clk 0:00:23]} Rxg2+ {[%clk 0:00:28]} 55. Kf3
{[%clk 0:00:32]} Rg7 {[%clk 0:00:37]} 56. Rc7 {[%clk 0:00:23]} Kd4
{[%clk 0:00:45]} 57. Kf4 {[%clk 0:00:14]} Rf7+ {[%clk 0:00:53]} 58. Kg5
{[%clk 0:00:23]} Kxe4 {[%clk 0:01:00]} 59. Kg6 {[%clk 0:00:33]} Rf6+
{[%clk 0:01:00]} 60. Kg5 {[%clk 0:00:37]} Rf5+ {[%clk 0:01:09]} 61. Kg4
{[%clk 0:00:44]} Re5 {[%clk 0:01:18]} 0-1

[Event "Russian Championship (Rapid, Men)"]
[Site "Sochi"]
[Date "2018.10.06"]
[Round "9.30"]
[White "Sadovsky, Artem"]
[Black "Drygalov, Sergey"]
[Result "1/2-1/2"]
[BlackElo "2467"]
[WhiteElo "2333"]
[LiveChessVersion "1.4.8"]

1. c4 {[%clk 0:15:17]} e5 {[%clk 0:15:15]} 2. g3 {[%clk 0:15:26]} Nf6
{[%clk 0:15:14]} 3. Bg2 {[%clk 0:15:34]} d5 {[%clk 0:15:23]} 4. cxd5
{[%clk 0:15:42]} Nxd5 {[%clk 0:15:32]} 5. Nc3 {[%clk 0:15:51]} Nb6
{[%clk 0:15:41]} 6. Nf3 {[%clk 0:15:57]} Nc6 {[%clk 0:15:51]} 7. O-O
{[%clk 0:15:54]} Be7 {[%clk 0:15:58]} 8. d3 {[%clk 0:15:59]} O-O {[%clk 0:15:57]}
9. Be3 {[%clk 0:16:00]} Be6 {[%clk 0:15:14]} 10. Rc1 {[%clk 0:16:08]} f6
{[%clk 0:15:00]} 11. Ne4 {[%clk 0:16:05]} Nd5 {[%clk 0:13:10]} 12. Bc5
{[%clk 0:16:05]} b6 {[%clk 0:10:08]} 13. Bxe7 {[%clk 0:16:04]} Ncxe7
{[%clk 0:10:14]} 14. d4 {[%clk 0:15:39]} exd4 {[%clk 0:10:21]} 15. Nxd4
{[%clk 0:15:41]} Bf7 {[%clk 0:10:29]} 16. Qa4 {[%clk 0:11:13]} c5
{[%clk 0:08:55]} 17. Nc2 {[%clk 0:09:28]} Qc7 {[%clk 0:07:07]} 18. Qa3
{[%clk 0:07:35]} a5 {[%clk 0:06:35]} 19. Ne3 {[%clk 0:06:26]} Nxe3
{[%clk 0:06:36]} 20. Qxe3 {[%clk 0:06:30]} Nd5 {[%clk 0:06:46]} 21. Qd2
{[%clk 0:05:54]} Rad8 {[%clk 0:06:35]} 22. a3 {[%clk 0:05:54]} Ne7
{[%clk 0:05:36]} 23. Qc3 {[%clk 0:05:37]} Rd7 {[%clk 0:02:54]} 24. Rfd1
{[%clk 0:05:11]} Rfd8 {[%clk 0:02:58]} 25. Qc2 {[%clk 0:04:29]} Nc6
{[%clk 0:02:42]} 26. e3 {[%clk 0:03:55]} Ne5 {[%clk 0:02:50]} 27. Nc3
{[%clk 0:03:25]} Nd3 {[%clk 0:02:13]} 28. Ra1 {[%clk 0:03:14]} c4
{[%clk 0:02:19]} 29. Nb5 {[%clk 0:02:59]} Qc5 {[%clk 0:01:32]} 30. Nd4
{[%clk 0:03:04]} b5 {[%clk 0:00:54]} 31. Rxd3 {[%clk 0:01:29]} Bg6
{[%clk 0:01:02]} 32. Ne6 {[%clk 0:00:58]} Bxd3 {[%clk 0:00:26]} 33. Nxc5
{[%clk 0:01:06]} Bxc2 {[%clk 0:00:36]} 34. Nxd7 {[%clk 0:01:13]} Rxd7
{[%clk 0:00:45]} 35. Bc6 {[%clk 0:01:20]} Rd2 {[%clk 0:00:15]} 36. Bxb5
{[%clk 0:01:29]} Bb3 {[%clk 0:00:24]} 37. Rc1 {[%clk 0:01:30]} Rxb2
{[%clk 0:00:32]} 38. Bxc4+ {[%clk 0:01:35]} Bxc4 {[%clk 0:00:41]} 39. Rxc4
{[%clk 0:01:44]} Rb3 {[%clk 0:00:50]} 40. a4 {[%clk 0:01:06]} Rb4
{[%clk 0:00:46]} 41. Rd4 {[%clk 0:01:15]} Kf8 {[%clk 0:00:15]} 42. Kf1
{[%clk 0:01:21]} Rb1+ {[%clk 0:00:23]} 43. Ke2 {[%clk 0:01:29]} Ra1
{[%clk 0:00:25]} 44. f4 {[%clk 0:00:57]} Ke7 {[%clk 0:00:30]} 45. Kf3
{[%clk 0:01:05]} g6 {[%clk 0:00:29]} 46. e4 {[%clk 0:00:41]} h5 {[%clk 0:00:29]}
47. Rc4 {[%clk 0:00:19]} Ra2 {[%clk 0:00:32]} 48. Ke3 {[%clk 0:00:24]} Kd6
{[%clk 0:00:38]} 49. h3 {[%clk 0:00:17]} Ra3+ {[%clk 0:00:47]} 50. Kf2
{[%clk 0:00:26]} Ra2+ {[%clk 0:00:55]} 51. Ke3 {[%clk 0:00:17]} Ra3+
{[%clk 0:01:04]} 52. Kd4 {[%clk 0:00:23]} Rxg3 {[%clk 0:00:51]} 53. e5+
{[%clk 0:00:29]} fxe5+ {[%clk 0:00:38]} 54. fxe5+ {[%clk 0:00:37]} Kd7
{[%clk 0:00:46]} 55. h4 {[%clk 0:00:14]} Rg1 {[%clk 0:00:36]} 56. Kd5
{[%clk 0:00:17]} Rd1+ {[%clk 0:00:43]} 57. Rd4 {[%clk 0:00:23]} Rc1
{[%clk 0:00:47]} 58. Ke4+ {[%clk 0:00:20]} Ke7 {[%clk 0:00:56]} 59. Kd5
{[%clk 0:00:14]} Kd7 {[%clk 0:00:58]} 60. Rf4 {[%clk 0:00:15]} Rd1+
{[%clk 0:01:07]} 61. Rd4 {[%clk 0:00:17]} Rc1 {[%clk 0:01:15]} 62. e6+
{[%clk 0:00:18]} Ke7 {[%clk 0:01:21]} 63. Re4 {[%clk 0:00:20]} Rc2
{[%clk 0:01:20]} 64. Ke5 {[%clk 0:00:20]} Rc6 {[%clk 0:01:16]} 65. Kf4
{[%clk 0:00:12]} Rxe6 {[%clk 0:01:24]} 66. Rc4 {[%clk 0:00:15]} Re1
{[%clk 0:00:17]} 67. Rc5 {[%clk 0:00:23]} Rg1 {[%clk 0:00:21]} 68. Rxa5
{[%clk 0:00:17]} Rg4+ {[%clk 0:00:30]} 69. Ke5 {[%clk 0:00:26]} Rxh4
{[%clk 0:00:39]} 70. Ra7+ {[%clk 0:00:31]} Kd8 {[%clk 0:00:48]} 71. a5
{[%clk 0:00:32]} Kc8 {[%clk 0:00:44]} 72. Rg7 {[%clk 0:00:32]} Rg4
{[%clk 0:00:24]} 73. Kd6 {[%clk 0:00:33]} Kb8 {[%clk 0:00:25]} 74. Kc6
{[%clk 0:00:33]} Rg1 {[%clk 0:00:14]} 75. Kb6 {[%clk 0:00:36]} Rb1+
{[%clk 0:00:23]} 76. Ka6 {[%clk 0:00:32]} Rg1 {[%clk 0:00:24]} 77. Kb6
{[%clk 0:00:29]} Rb1+ {[%clk 0:00:32]} 78. Ka6 {[%clk 0:00:38]} Rg1
{[%clk 0:00:18]} 1/2-1/2

[Event "Russian Championship (Rapid, Men)"]
[Site "Sochi"]
[Date "2018.10.06"]
[Round "9.31"]
[White "Kirillov, Dmitry"]
[Black "Oganian, Miran"]
[Result "1/2-1/2"]
[BlackElo "2450"]
[WhiteElo "2080"]
[LiveChessVersion "1.4.8"]

1. e4 {[%clk 0:15:19]} c5 {[%clk 0:15:19]} 2. Nf3 {[%clk 0:15:28]} g6
{[%clk 0:15:09]} 3. c3 {[%clk 0:15:35]} d5 {[%clk 0:15:16]} 4. exd5
{[%clk 0:15:38]} Qxd5 {[%clk 0:15:24]} 5. d4 {[%clk 0:15:46]} Bg7
{[%clk 0:15:26]} 6. Be3 {[%clk 0:15:54]} cxd4 {[%clk 0:15:33]} 7. Bxd4
{[%clk 0:15:49]} Nf6 {[%clk 0:15:33]} 8. Nbd2 {[%clk 0:15:38]} O-O
{[%clk 0:15:21]} 9. Bc4 {[%clk 0:15:46]} Qa5 {[%clk 0:15:05]} 10. O-O
{[%clk 0:15:47]} Nc6 {[%clk 0:15:13]} 11. Be3 {[%clk 0:15:46]} Qc7
{[%clk 0:14:39]} 12. h3 {[%clk 0:15:42]} b6 {[%clk 0:14:41]} 13. Qe2
{[%clk 0:14:05]} Bb7 {[%clk 0:14:47]} 14. Rad1 {[%clk 0:13:31]} Rad8
{[%clk 0:13:59]} 15. Nb3 {[%clk 0:12:29]} Nh5 {[%clk 0:12:33]} 16. Rxd8
{[%clk 0:08:21]} Nxd8 {[%clk 0:12:32]} 17. Rd1 {[%clk 0:04:40]} Bxf3
{[%clk 0:12:09]} 18. gxf3 {[%clk 0:04:48]} Qc8 {[%clk 0:10:46]} 19. Qf1
{[%clk 0:03:59]} Ne6 {[%clk 0:10:41]} 20. Ba6 {[%clk 0:03:02]} Qc6
{[%clk 0:10:16]} 21. Qc4 {[%clk 0:01:20]} Qxf3 {[%clk 0:09:43]} 22. Qg4
{[%clk 0:01:29]} Qc6 23. Qc4 {[%clk 0:01:20]} Qf3 {[%clk 0:04:55]} 24. Qg4
{[%clk 0:01:28]} Qa8 {[%clk 0:04:59]} 25. Qg2 {[%clk 0:00:46]} Qxg2+
{[%clk 0:04:18]} 26. Kxg2 {[%clk 0:00:56]} Nhf4+ {[%clk 0:04:27]} 27. Kf3
{[%clk 0:00:59]} Be5 {[%clk 0:02:24]} 28. Rd7 {[%clk 0:00:55]} Ng5+
{[%clk 0:00:52]} 29. Kg4 {[%clk 0:00:36]} Ngxh3 {[%clk 0:00:49]} 30. Rxe7
{[%clk 0:00:29]} h5+ {[%clk 0:00:38]} 31. Kf3 {[%clk 0:00:31]} Ng5+
{[%clk 0:00:27]} 32. Kg3 {[%clk 0:00:34]} Nge6 {[%clk 0:00:23]} 33. Kf3
{[%clk 0:00:32]} Bb8 {[%clk 0:00:23]} 34. Bxf4 {[%clk 0:00:13]} Nxf4
{[%clk 0:00:30]} 35. Nd4 {[%clk 0:00:18]} Nd5 {[%clk 0:00:34]} 36. Rd7
{[%clk 0:00:20]} Nf6 {[%clk 0:00:39]} 37. Rb7 {[%clk 0:00:26]} Re8
{[%clk 0:00:13]} 38. Bc4 {[%clk 0:00:33]} Rf8 {[%clk 0:00:13]} 39. Nc6
{[%clk 0:00:16]} Bd6 {[%clk 0:00:22]} 40. Rxa7 {[%clk 0:00:20]} Ng4
{[%clk 0:00:30]} 41. a4 {[%clk 0:00:12]} Bc5 {[%clk 0:00:19]} 42. b4
{[%clk 0:00:13]} Bxf2 {[%clk 0:00:25]} 43. Re7 {[%clk 0:00:15]} Bh4
{[%clk 0:00:27]} 44. Rb7 {[%clk 0:00:16]} Bf2 {[%clk 0:00:22]} 45. a5
{[%clk 0:00:23]} bxa5 {[%clk 0:00:29]} 46. bxa5 {[%clk 0:00:32]} Kg7
{[%clk 0:00:31]} 47. a6 {[%clk 0:00:36]} Rc8 {[%clk 0:00:39]} 48. Bxf7
{[%clk 0:00:21]} Kf6 {[%clk 0:00:38]} 49. Bd5 {[%clk 0:00:29]} Re8
{[%clk 0:00:27]} 50. a7 {[%clk 0:00:22]} Bxa7 {[%clk 0:00:17]} 51. Rxa7
{[%clk 0:00:15]} Re3+ {[%clk 0:00:25]} 52. Kg2 {[%clk 0:00:12]} Rxc3
{[%clk 0:00:34]} 53. Rf7+ {[%clk 0:00:15]} Kg5 {[%clk 0:00:42]} 54. Bf3
{[%clk 0:00:23]} Ne3+ {[%clk 0:00:40]} 55. Kf2 {[%clk 0:00:26]} Nf5
{[%clk 0:00:39]} 56. Ne5 {[%clk 0:00:18]} Rc2+ {[%clk 0:00:41]} 57. Be2
{[%clk 0:00:27]} Nd4 {[%clk 0:00:33]} 58. Nf3+ {[%clk 0:00:32]} Nxf3
{[%clk 0:00:41]} 59. Rxf3 {[%clk 0:00:41]} Rc6 {[%clk 0:00:18]} 60. Rg3+
{[%clk 0:00:25]} 1/2-1/2

[Event "Russian Championship (Rapid, Men)"]
[Site "Sochi"]
[Date "2018.10.06"]
[Round "9.32"]
[White "Alekseenko, Kirill"]
[Black "Nazaretyan, Tigran"]
[Result "1-0"]
[BlackElo "2353"]
[WhiteElo "2668"]
[LiveChessVersion "1.4.8"]

1. e4 {[%clk 0:15:18]} c5 {[%clk 0:15:10]} 2. Nc3 {[%clk 0:15:25]} d6
{[%clk 0:15:11]} 3. Nf3 {[%clk 0:15:32]} Nc6 {[%clk 0:15:18]} 4. d4
{[%clk 0:15:39]} cxd4 {[%clk 0:15:26]} 5. Nxd4 {[%clk 0:15:48]} Nf6
{[%clk 0:15:34]} 6. Bc4 {[%clk 0:15:53]} e5 {[%clk 0:15:31]} 7. Nf3
{[%clk 0:15:38]} h6 {[%clk 0:15:36]} 8. h3 {[%clk 0:15:35]} Be6 {[%clk 0:15:31]}
9. Bb3 {[%clk 0:15:43]} Be7 {[%clk 0:15:33]} 10. O-O {[%clk 0:15:45]} O-O
{[%clk 0:15:33]} 11. Re1 {[%clk 0:15:24]} Na5 {[%clk 0:14:33]} 12. Qd3
{[%clk 0:12:27]} Rc8 {[%clk 0:13:39]} 13. Bxe6 {[%clk 0:12:06]} fxe6
{[%clk 0:13:45]} 14. b3 {[%clk 0:12:01]} Nc6 {[%clk 0:13:24]} 15. a3
{[%clk 0:11:28]} a6 {[%clk 0:12:29]} 16. Ne2 {[%clk 0:10:58]} d5 {[%clk 0:09:53]}
17. Ng3 {[%clk 0:10:51]} dxe4 {[%clk 0:09:42]} 18. Qxd8 {[%clk 0:10:49]} Rfxd8
{[%clk 0:09:47]} 19. Nxe4 {[%clk 0:10:53]} Nxe4 {[%clk 0:09:43]} 20. Rxe4
{[%clk 0:11:01]} Rd1+ {[%clk 0:09:51]} 21. Re1 {[%clk 0:10:24]} Rxe1+
{[%clk 0:09:44]} 22. Nxe1 {[%clk 0:10:33]} e4 {[%clk 0:08:49]} 23. Be3
{[%clk 0:08:25]} b5 {[%clk 0:06:55]} 24. Kf1 {[%clk 0:08:01]} e5 {[%clk 0:06:34]}
25. a4 {[%clk 0:06:40]} Nd4 {[%clk 0:05:43]} 26. axb5 {[%clk 0:06:46]} axb5
{[%clk 0:05:48]} 27. Bxd4 {[%clk 0:05:12]} exd4 {[%clk 0:05:53]} 28. f3
{[%clk 0:05:21]} exf3 {[%clk 0:02:30]} 29. gxf3 {[%clk 0:05:30]} Bh4
{[%clk 0:02:18]} 30. Ng2 {[%clk 0:05:39]} Bg5 {[%clk 0:02:16]} 31. Ra2
{[%clk 0:05:28]} Rc3 {[%clk 0:02:17]} 32. Ne1 {[%clk 0:05:34]} Kf7
{[%clk 0:02:02]} 33. Nd3 {[%clk 0:05:33]} Kg6 {[%clk 0:01:41]} 34. Kg2
{[%clk 0:04:30]} Be3 {[%clk 0:01:36]} 35. Nb4 {[%clk 0:03:57]} Rc5
{[%clk 0:01:35]} 36. h4 {[%clk 0:03:13]} Kh5 {[%clk 0:01:33]} 37. Nd3
{[%clk 0:02:50]} Rc6 {[%clk 0:01:18]} 38. Kh3 {[%clk 0:02:55]} Rf6
{[%clk 0:01:17]} 39. Kg3 {[%clk 0:02:28]} Rg6+ {[%clk 0:01:21]} 40. Kh3
{[%clk 0:02:37]} Rf6 {[%clk 0:00:59]} 41. f4 {[%clk 0:02:46]} Bxf4
{[%clk 0:00:51]} 42. Ra5 {[%clk 0:02:54]} Bd6 {[%clk 0:00:21]} 43. Rxb5+
{[%clk 0:02:59]} g5 {[%clk 0:00:23]} 44. Rd5 {[%clk 0:03:00]} Bb8
{[%clk 0:00:20]} 45. hxg5 {[%clk 0:03:04]} hxg5 {[%clk 0:00:28]} 46. Rxd4
{[%clk 0:03:09]} g4+ {[%clk 0:00:36]} 47. Kg2 {[%clk 0:03:16]} Kh4
{[%clk 0:00:31]} 48. Rd8 {[%clk 0:03:01]} Bc7 {[%clk 0:00:23]} 49. Rc8
{[%clk 0:02:27]} Bb6 {[%clk 0:00:17]} 50. b4 {[%clk 0:01:34]} Re6
{[%clk 0:00:19]} 51. Rh8+ {[%clk 0:01:42]} Kg5 {[%clk 0:00:28]} 52. Rg8+
{[%clk 0:01:21]} Kf5 {[%clk 0:00:33]} 53. c4 {[%clk 0:00:47]} Re2+
{[%clk 0:00:32]} 54. Kf1 {[%clk 0:00:57]} Rd2 {[%clk 0:00:35]} 55. c5
{[%clk 0:00:31]} Bc7 {[%clk 0:00:34]} 56. Rf8+ {[%clk 0:00:40]} Ke4
{[%clk 0:00:37]} 57. Nf2+ {[%clk 0:00:46]} Kd5 {[%clk 0:00:22]} 58. Rf7
{[%clk 0:00:29]} Kc4 {[%clk 0:00:16]} 59. Rxc7 {[%clk 0:00:32]} g3
{[%clk 0:00:16]} 60. Ne4 {[%clk 0:00:26]} Rd4 {[%clk 0:00:13]} 61. Re7
{[%clk 0:00:30]} Kxb4 62. c6 {[%clk 0:00:39]} Rc4 {[%clk 0:00:16]} 63. c7
{[%clk 0:00:47]} Ka5 {[%clk 0:00:15]} 64. Nd6 {[%clk 0:00:54]} Rc1+
{[%clk 0:00:14]} 65. Kg2 {[%clk 0:01:03]} 1-0

[Event "Russian Championship (Rapid, Men)"]
[Site "Sochi"]
[Date "2018.10.06"]
[Round "9.33"]
[White "Smirnov, Timofey"]
[Black "Gordievsky, Dmitry"]
[Result "1/2-1/2"]
[BlackElo "2498"]
[WhiteElo "2348"]
[LiveChessVersion "1.4.8"]

1. e4 {[%clk 0:14:51]} c5 {[%clk 0:15:15]} 2. Nf3 {[%clk 0:14:59]} g6
{[%clk 0:15:23]} 3. d4 {[%clk 0:14:58]} cxd4 {[%clk 0:15:32]} 4. Nxd4
{[%clk 0:15:07]} Nc6 {[%clk 0:15:41]} 5. c4 {[%clk 0:15:15]} Bg7 {[%clk 0:15:50]}
6. Be3 {[%clk 0:15:24]} Nf6 {[%clk 0:15:52]} 7. Nc3 {[%clk 0:15:32]} d6
{[%clk 0:15:58]} 8. Be2 {[%clk 0:15:39]} O-O {[%clk 0:16:06]} 9. O-O
{[%clk 0:15:44]} Bd7 {[%clk 0:16:15]} 10. Qd2 {[%clk 0:15:47]} Nxd4
{[%clk 0:16:23]} 11. Bxd4 {[%clk 0:15:56]} Bc6 {[%clk 0:16:32]} 12. f3
{[%clk 0:16:04]} Nd7 {[%clk 0:16:33]} 13. Be3 {[%clk 0:16:12]} a5
{[%clk 0:16:42]} 14. b3 {[%clk 0:16:20]} Nc5 {[%clk 0:16:39]} 15. Rab1
{[%clk 0:16:28]} e6 {[%clk 0:16:05]} 16. Rfd1 {[%clk 0:16:27]} Be5
{[%clk 0:16:13]} 17. Bf1 {[%clk 0:16:22]} Qe7 {[%clk 0:16:14]} 18. Ne2
{[%clk 0:15:13]} b6 {[%clk 0:16:14]} 19. Nd4 {[%clk 0:14:34]} Bb7
{[%clk 0:16:21]} 20. Qf2 {[%clk 0:14:15]} Rad8 {[%clk 0:16:23]} 21. a3
{[%clk 0:14:06]} f5 {[%clk 0:14:41]} 22. exf5 {[%clk 0:13:53]} gxf5
{[%clk 0:14:50]} 23. Bh6 {[%clk 0:13:21]} Rfe8 {[%clk 0:14:30]} 24. b4
{[%clk 0:13:22]} axb4 {[%clk 0:14:39]} 25. axb4 {[%clk 0:13:31]} Nd7
{[%clk 0:14:40]} 26. f4 {[%clk 0:13:06]} Bf6 {[%clk 0:14:00]} 27. Nb5
{[%clk 0:13:01]} Be4 {[%clk 0:11:58]} 28. Bd3 {[%clk 0:07:55]} Nf8
{[%clk 0:10:35]} 29. Qxb6 {[%clk 0:07:42]} d5 {[%clk 0:10:02]} 30. Bxe4
{[%clk 0:07:17]} fxe4 {[%clk 0:07:54]} 31. cxd5 {[%clk 0:06:25]} exd5
{[%clk 0:07:36]} 32. Nc7 {[%clk 0:05:46]} Rd6 {[%clk 0:05:23]} 33. Qa5
{[%clk 0:04:18]} e3 {[%clk 0:02:05]} 34. Nxd5 {[%clk 0:01:57]} Qf7
{[%clk 0:01:54]} 35. Bxf8 {[%clk 0:01:24]} Qxf8 {[%clk 0:00:56]} 36. Qa2
{[%clk 0:00:27]} Kh8 {[%clk 0:01:05]} 37. Nxf6 {[%clk 0:00:17]} Rxf6
{[%clk 0:00:57]} 38. g3 {[%clk 0:00:15]} e2 {[%clk 0:00:19]} 39. Re1
{[%clk 0:00:23]} Rxf4 {[%clk 0:00:17]} 40. gxf4 {[%clk 0:00:17]} Qg7+
{[%clk 0:00:25]} 41. Kf2 Qd4+ {[%clk 0:00:33]} 42. Kg2 {[%clk 0:00:13]} Qe4+
{[%clk 0:00:36]} 43. Kg1 {[%clk 0:00:18]} Qe3+ {[%clk 0:00:24]} 44. Kg2
{[%clk 0:00:26]} Qe4+ {[%clk 0:00:29]} 45. Kg1 {[%clk 0:00:26]} Qe3+
{[%clk 0:00:32]} 1/2-1/2